=LDR 00000nam 2200000 4500 =001 INLIS000000000002150 =005 20130612090518 =008 ***********************************Eng** =035 ##$$0010-061300000002150 =041 ##$$a Eng =082 ##$$a 959.807 =090 ##$$a 959.807, Joy r =100 ##$$a Joyohadikusumo,Margono =245 ##$$a Reminiscences from 3 historical periods, a family tradition put in writing, Margono Djoyohadikusumo =260 ##$$a [19-?] $b Jakarta =300 ##$$a 200 hlm, ilus, 23 cm =650 ##$$a Indonesia =650 ##$$a Sejarah =850 ##$$a NBPNMAT